La morale du bonheur / (Record no. 118863)

MARC details
000 -LEADER
campo de control de longitud fija 00694nam a2200217 i 4500
001 - NÚMERO DE CONTROL
campo de control 118863
003 - IDENTIFICADOR DE NÚMERO DE CONTROL
campo de control ES-MaACL
005 - FECHA Y HORA DE LA ÚLTIMA TRANSACCIÓN
campo de control 20250828044828.0
007 - CAMPO FIJO DE DESCRIPCIÓN FÍSICA--INFORMACIÓN GENERAL
campo de control de longitud fija t|
008 - DATOS DE LONGITUD FIJA--INFORMACIÓN GENERAL
campo de control de longitud fija 070214s1910 fr r ||||1| fre d
100 1# - ENTRADA PRINCIPAL--NOMBRE DE PERSONA
Nombre de persona Piat, Clodius (
Fechas asociadas al nombre 1854-1918)
9 (RLIN) 91746
245 13 - MENCIÓN DEL TÍTULO
Título La morale du bonheur /
Mención de responsabilidad, etc. par Clodius Piat.
260 ## - PUBLICACIÓN, DISTRIBUCIÓN, ETC.
Lugar de publicación, distribución, etc. Paris :
Nombre del editor, distribuidor, etc. [s. n.],
Fecha de publicación, distribución, etc. 1910 (
Fabricante Firmin Didot)
300 ## - DESCRIPCIÓN FÍSICA
Extensión VII, 263 p. ;
Dimensiones 23 x 14 cm.
490 1# - MENCIÓN DE SERIE
Mención de serie Bibliothèque de philosophie contemporaine
650 07 - PUNTO DE ACCESO ADICIONAL DE MATERIA--TÉRMINO DE MATERIA
Término de materia o nombre geográfico como elemento de entrada Educación moral
Fuente del encabezamiento o término embne
9 (RLIN) 12115
650 07 - PUNTO DE ACCESO ADICIONAL DE MATERIA--TÉRMINO DE MATERIA
Término de materia o nombre geográfico como elemento de entrada Felicidad
Fuente del encabezamiento o término embne
9 (RLIN) 12743
830 0# - PUNTO DE ACCESO ADICIONAL DE SERIE-TÍTULO UNIFORME
Título uniforme Bibliothèque de philosophie contemporaine
9 (RLIN) 181027
852 ## - LOCALIZACIÓN
Ubicación ES-MaACL
Número de control de estantería B-7023
Holdings
Estatus retirado Estado de pérdida Estado de daño No para préstamo Biblioteca de origen Biblioteca actual Ubicación en estantería Fecha de adquisición Fuente de adquisición Total de préstamos Signatura topográfica completa Código de barras Visto por última vez Precio de reemplazo Tipo de ítem Koha
        Biblioteca del Ateneo de Madrid Biblioteca del Ateneo de Madrid Sala Pardo Bazán 17/01/2008     B-7023 1123916 23/02/2023 23/02/2023 Libro impreso